Gender in focus : (Record no. 57488)

MARC details
000 -LEADER
fixed length control field 05020cam a2200601 i 4500
003 - CONTROL NUMBER IDENTIFIER
control field PHURS
005 - DATE AND TIME OF LATEST TRANSACTION
control field 20221125083358.0
008 - FIXED-LENGTH DATA ELEMENTS--GENERAL INFORMATION
fixed length control field 181117s2018 gw ob 001 0 eng d
040 ## - CATALOGING SOURCE
Original cataloging agency EBLCP
Language of cataloging eng
Description conventions pn
Transcribing agency EBLCP
Modifying agency YDX
-- OCLCQ
-- N$T
-- OCLCO
-- OCLCF
-- JSTOR
-- OCLCQ
-- K6U
-- OCLCO
-- OCLCQ
-- DST
-- OCLCO
020 ## - INTERNATIONAL STANDARD BOOK NUMBER
International Standard Book Number 3847412116
020 ## - INTERNATIONAL STANDARD BOOK NUMBER
International Standard Book Number 9783847412113
Qualifying information (electronic bk.)
020 ## - INTERNATIONAL STANDARD BOOK NUMBER
Canceled/invalid ISBN 3847421832
020 ## - INTERNATIONAL STANDARD BOOK NUMBER
Canceled/invalid ISBN 9783847421832
050 #4 - LIBRARY OF CONGRESS CALL NUMBER
Classification number HQ1075
100 1# - MAIN ENTRY--PERSONAL NAME
Personal name Zamfira, Andreea.,
Relator term author.
245 10 - TITLE STATEMENT
Title Gender in focus :
Remainder of title identities, codes, stereotypes and politics /
Statement of responsibility, etc. Andreea Zamfira, Christian de Montlibert, Daniela Radu (eds.)
260 ## - PUBLICATION, DISTRIBUTION, ETC.
Place of publication, distribution, etc. Berlin :
Name of publisher, distributor, etc. Barbara Budrich Publishers,
Date of publication, distribution, etc. 2018.
300 ## - PHYSICAL DESCRIPTION
Extent 1 online resource (372 pages)
336 ## - CONTENT TYPE
Content type term text
Content type code txt
Source rdacontent
337 ## - MEDIA TYPE
Media type term computer
Media type code c
Source rdamedia
338 ## - CARRIER TYPE
Carrier type term online resource
Carrier type code cr
Source rdacarrier
504 ## - BIBLIOGRAPHY, ETC. NOTE
Bibliography, etc. note Includes bibliographical references and index.
588 0# - SOURCE OF DESCRIPTION NOTE
Source of description note Online resource; title from PDF title page (EBSCO, viewed Feburary 14, 2019).
505 0# - FORMATTED CONTENTS NOTE
Formatted contents note Cover; Gender in Focus. Identities, Codes, Stereotypes and Politics; TABLE OF CONTENTS; INTRODUCTION. The Interplay between Identities, Codes, Stereotypes and Politics in Studying Gender in Western and Non-Western Societies (Andreea ZAMFIRA, Christian de MONTLIBERT and Daniela RADU); PART ONE SEXUAL BODIES AND GENDER IDENTITIES AROUND THE WORLD; CHAPTER I Speaking to the Spirits: Thinking Comparatively about Women in Asian Indigenous Beliefs (Barbara Watson ANDAYA); CHAPTER II The Bissu: Study of a Third Gender in Indonesia (Leonard Y. ANDAYA).
505 8# - FORMATTED CONTENTS NOTE
Formatted contents note CHAPTER III How Globalization and the Neoliberal Turn Are Shaping Gender Relations in Hanoi (Sarah MURRU)CHAPTER IV Gender and Asexuality in Academic Sources (Petra FILIPOVÁ); PART TWO CODES WITHIN WOMEN'S AUTO AND HETERO-REPRESENTATIONS; CHAPTER V Communist Dictatorship vs. Romanian Women Poets' Discourse of Resistance in the 70s and 80s (Daniela MOLDOVEANU); CHAPTER VI Corporeality and Sexuality in Women's Autofictions: A Few Romanian Examples (Florina-Elena PÎRJOL); CHAPTER VII Diffused Gender Codes and Transcultural Outcomes in Jhumpa Lahiri's The Lowland (Adriana Elena STOICAN).
505 8# - FORMATTED CONTENTS NOTE
Formatted contents note CHAPTER VIII The Politics of the Feminine Body: A Manifesto and Three TV Series (Viorella MANOLACHE)PART THREE GENDER STEREOTYPES, COUPLE/FAMILY CONFIGURATIONS AND REPRODUCTION; CHAPTER IX Gender Stereotypes in Emmanuel Lévinas' Concept of Subject (Marzena ADAMIAK); CHAPTER X The Division of Labor within the Family and Altruism: A Feminist Critique of Becker's Models (Oana CRUSMAC); CHAPTER XI Consequences of Intimacy and Violence in the Couple Relationships of Young Romanians on Their Future Life Plans (Cristina FALUDI).
505 8# - FORMATTED CONTENTS NOTE
Formatted contents note CHAPTER XII Is My Reproductive Body Rightfully Mine? About Abortion and Individual Choice in Post-communist Romania (Andrada NIMU and Andreea ZAMFIRA)PART FOUR SOCIAL, POLITICAL AND INSTITUTIONAL CONSTRAINTS ON WOMEN; CHAPTER XIII The Influence of Academic Self-concept on the Study Program Choice of Computer Scientists (Silvia FÖRTSCH and Ute SCHMID); CHAPTER XIV Women in Academic Medicine: The 'Leaking' Process in Italy (Rita BIANCHERI and Silvia CERVIA); CHAPTER XV Female Labor Market Participation in Serbia (Natalija PERIŠIĆ and Jelena TANASIJEVIĆ).
505 8# - FORMATTED CONTENTS NOTE
Formatted contents note CHAPTER XVI Socio-cultural Factors Structuring Women's Access to Land and Natural Resources in Northwest Cameroon (Ngambouk Vitalis PEMUNTA)NOTES ON CONTRIBUTORS; Index.
520 ## - SUMMARY, ETC.
Summary, etc. This book deals with the interplay between identities, codes, stereotypes and politics governing the various constructions and deconstructions of gender in several Western and non-Western societies (Germany, Italy, Serbia, Romania, Cameroon, Indonesia, Vietnam, and others). Readers are invited to discover the realm of gender studies and to reflect upon the transformative potentialities of globalisation and interculturality.
590 ## - LOCAL NOTE (RLIN)
Local note JSTOR
Provenance (VM) [OBSOLETE] Books at JSTOR Open Access
650 #0 - SUBJECT ADDED ENTRY--TOPICAL TERM
Topical term or geographic name entry element Gender identity.
650 #0 - SUBJECT ADDED ENTRY--TOPICAL TERM
Topical term or geographic name entry element Gender identity
General subdivision Political aspects.
650 #0 - SUBJECT ADDED ENTRY--TOPICAL TERM
Topical term or geographic name entry element Sex discrimination.
650 #2 - SUBJECT ADDED ENTRY--TOPICAL TERM
Topical term or geographic name entry element Gender Identity
650 #6 - SUBJECT ADDED ENTRY--TOPICAL TERM
Topical term or geographic name entry element Identité sexuelle.
650 #6 - SUBJECT ADDED ENTRY--TOPICAL TERM
Topical term or geographic name entry element Identité sexuelle
General subdivision Aspect politique.
650 #6 - SUBJECT ADDED ENTRY--TOPICAL TERM
Topical term or geographic name entry element Discrimination sexuelle.
650 #7 - SUBJECT ADDED ENTRY--TOPICAL TERM
Topical term or geographic name entry element sex role.
650 #7 - SUBJECT ADDED ENTRY--TOPICAL TERM
Topical term or geographic name entry element sex discrimination.
650 #7 - SUBJECT ADDED ENTRY--TOPICAL TERM
Topical term or geographic name entry element SOCIAL SCIENCE
General subdivision Discrimination & Race Relations.
650 #7 - SUBJECT ADDED ENTRY--TOPICAL TERM
Topical term or geographic name entry element SOCIAL SCIENCE
General subdivision Minority Studies.
650 #7 - SUBJECT ADDED ENTRY--TOPICAL TERM
Topical term or geographic name entry element SOCIAL SCIENCE
General subdivision Gender Studies.
650 #7 - SUBJECT ADDED ENTRY--TOPICAL TERM
Topical term or geographic name entry element Gender identity.
650 #7 - SUBJECT ADDED ENTRY--TOPICAL TERM
Topical term or geographic name entry element Gender identity
General subdivision Political aspects.
650 #7 - SUBJECT ADDED ENTRY--TOPICAL TERM
Topical term or geographic name entry element Sex discrimination.
655 #4 - INDEX TERM--GENRE/FORM
Genre/form data or focus term Electronic books.
700 1# - ADDED ENTRY--PERSONAL NAME
Personal name Montlibert, Christian de.
700 1# - ADDED ENTRY--PERSONAL NAME
Personal name Radu, Daniela.
776 08 - ADDITIONAL PHYSICAL FORM ENTRY
Relationship information Print version:
Main entry heading Zamfira, Andreea.
Title Gender in Focus : Identities, Codes, Stereotypes and Politics.
Place, publisher, and date of publication Leverkusen-Opladen;; : Verlag Barbara Budrich, ©2018
International Standard Book Number 9783847421832
856 40 - ELECTRONIC LOCATION AND ACCESS
Uniform Resource Identifier <a href="https://www.jstor.org/stable/10.2307/j.ctvddzn5f">https://www.jstor.org/stable/10.2307/j.ctvddzn5f</a>
942 ## - ADDED ENTRY ELEMENTS (KOHA)
Source of classification or shelving scheme Library of Congress Classification
Koha item type E-Book
994 ## -
-- 92
-- PHURS
Holdings
Withdrawn status Source of classification or shelving scheme Damaged status Not for loan Home library Current library Date acquired Total Checkouts Date last seen Price effective from Koha item type
  Library of Congress Classification     JSTOR Open Access Books JSTOR Open Access Books 05/22/2022   05/22/2022 05/22/2022 E-Book

University of Rizal System
Email us at univlibservices@urs.edu.ph

Visit our Website www.urs.edu.ph/library